[Event "Caorle op"]
[Site "Caorle"]
[Date "1988.??.??"]
[Round "2"]
[White "Jovancic, Miodrag"]
[Black "Michalicz, F."]
[Result "1-0"]
[WhiteElo "2225"]
[BlackElo "2200"]
[PlyCount "109"]
[EventDate "1988.??.??"]
[EventType "swiss"]
[EventRounds "8"]
[EventCountry "ITA"]
[SourceTitle "EXT 1999"]
[Source "ChessBase"]
[SourceDate "1998.11.16"]
[SourceVersion "1"]
[SourceVersionDate "1998.11.16"]
[SourceQuality "1"]

1. d4 Nf6 2. c4 g6 3. Nc3 Bg7 4. e4 d6 5. Nf3 0-0 6. Be2 e5 7. d5 Nbd7 8. Bg5 h6 9. Bh4 g5 10. Bg3 Nc5 11. Nd2 a5 12. h4 g4 13. h5 a4 14. Qc2 Bd7 15. Nf1 a3 16. b3 c6 17. Ne3 Ncxe4 18. Nxe4 Nxe4 19. Qxe4 Qa5+ 20. b4 Qxb4+ 21. Kf1 f5 22. Nc2 Qa4 23. Qd3 f4 24. Bh4 Bf5 25. Qd2 Bxc2 26. Rc1 Bf5 27. Be7 Rf7 28. Bxd6 Rd7 29. Bd1 Qa6 30. dxc6 Qxc6 31. c5 Qb5+ 32. Ke1 Qb2 33. Rh4 b6 34. Bc2 Bxc2 35. Rxc2 Qb1+ 36. Rc1 Qe4+ 37. Qe2 Qxe2+ 38. Kxe2 bxc5 39. Bxc5 f3+ 40. gxf3 gxf3+ 41. Kxf3 Bf6 42. Rg4+ Kf7 43. Be3 Rb8 44. Rc6 Rb2 45. Rg6 Bg7 46. Bxh6 Bxh6 47. Rxh6 Rdd2 48. Rhf6+ Ke7 49. Kg2 Rxa2 50. h6 Rac2 51. Rce6+ Kd7 52. Ra6 Rd4 53. Ra7+ Ke8 54. Rg6 Kf8 55. h7 1-0

[Event "Caorle op"]
[Site "Caorle"]
[Date "1988.??.??"]
[Round "5"]
[White "Loebler, Heimo"]
[Black "Michalicz, F."]
[Result "1-0"]
[WhiteElo "2000"]
[BlackElo "2200"]
[PlyCount "81"]
[EventDate "1988.??.??"]
[EventType "swiss"]
[EventRounds "8"]
[EventCountry "ITA"]
[SourceTitle "EXT 1999"]
[Source "ChessBase"]
[SourceDate "1998.11.16"]
[SourceVersion "1"]
[SourceVersionDate "1998.11.16"]
[SourceQuality "1"]

1. d4 Nf6 2. c4 g6 3. Nc3 Bg7 4. e4 d6 5. Be2 0-0 6. g4 c5 7. d5 e6 8. g5 Ne8 9. Be3 exd5 10. exd5 Bf5 11. Qd2 Nc7 12. Nf3 Re8 13. Nh4 Qc8 14. Nxf5 Qxf5 15. h4 Nd7 16. 0-0-0 Ne5 17. Rdg1 b5 18. cxb5 c4 19. Bd4 Nd3+ 20. Bxd3 cxd3 21. Bxg7 Kxg7 22. Rd1 Nxd5 23. Qxd3 Nxc3 24. bxc3 Qxf2 25. Qd4+ Qxd4 26. Rxd4 Re2 27. Rd2 Re5 28. Rb2 Rb8 29. a4 Re4 30. Rb4 Rxb4 31. cxb4 a6 32. Rd1 axb5 33. a5 f6 34. gxf6+ Kxf6 35. Rxd6+ Kf5 36. Rb6 Rc8+ 37. Kb2 Rc4 38. Rxb5+ Kg4 39. a6 Rc8 40. a7 Ra8 41. Ra5 1-0

[Event "Caorle op"]
[Site "Caorle"]
[Date "1988.??.??"]
[Round "6"]
[White "Michalicz, F."]
[Black "Weinberg, Emanuele"]
[Result "1-0"]
[WhiteElo "2200"]
[BlackElo "1955"]
[PlyCount "121"]
[EventDate "1988.??.??"]
[EventType "swiss"]
[EventRounds "8"]
[EventCountry "ITA"]
[SourceTitle "EXT 1999"]
[Source "ChessBase"]
[SourceDate "1998.11.16"]
[SourceVersion "1"]
[SourceVersionDate "1998.11.16"]
[SourceQuality "1"]

1. e4 Nf6 2. d3 d6 3. Nc3 g6 4. g3 Bg7 5. Bg2 0-0 6. f4 c5 7. Nf3 Nc6 8. Ne2 Rb8 9. c3 Qc7 10. h3 b5 11. 0-0 b4 12. Qc2 Nd7 13. Be3 Ba6 14. f5 bxc3 15. bxc3 Nde5 16. Nxe5 Nxe5 17. Nf4 Qd7 18. fxg6 hxg6 19. Rfd1 Rfc8 20. Rab1 e6 21. Rxb8 Rxb8 22. Rb1 Qc7 23. Rxb8+ Qxb8 24. d4 cxd4 25. cxd4 Nc4 26. Bf2 Qb2 27. Qxb2 Nxb2 28. Bf3 Bc4 29. a3 Bb5 30. d5 e5 31. Ne2 a6 32. Nc3 Bd7 33. Be2 a5 34. Bb6 Bh6 35. Bxa5 Be3+ 36. Kg2 f5 37. Bb4 Bd4 38. Nb5 Bxb5 39. Bxb5 Bc5 40. Be8 Kg7 41. Bb5 fxe4 42. Bxc5 dxc5 43. Kf2 c4 44. a4 c3 45. Ke2 c2 46. Kd2 Nd3 47. Kxc2 Nb4+ 48. Kd2 Nxd5 49. a5 Kf6 50. a6 Nc7 51. a7 Kg5 52. Bc6 Kf6 53. a8Q Nxa8 54. Bxa8 Kg5 55. Ke3 Kf6 56. Kxe4 Ke6 57. Bd5+ Kf6 58. Bc4 Kg5 59. Kxe5 Kh5 60. Bf7 Kh6 61. Bxg6 1-0